Κατάλογος Βιβλιοθηκών Mediterranean College

Αγροτική Οικονομική και Πολιτική / Παραδόσεις για τους φοιτητές του Τμήματος Οικονομικών Επιστημών του Πανεπιστημίου Αθηνών (Record no. 4072)

MARC details
000 -LEADER
fixed length control field 01516cam a22001814a 4500
005 - ΗΜΕΡΟΜΗΝΙΑ ΚΑΙ ΩΡΑ ΤΕΛΕΥΤΑΙΑΣ ΕΝΗΜΕΡΩΣΗΣ
Πεδίο ελέγχου 20250605163421.0
008 - FIXED-LENGTH DATA ELEMENTS--GENERAL INFORMATION
Πεδίο ελέγχου σταθερού μήκους 250528s ||||||||||||||||||||||||d
035 ## - SYSTEM CONTROL NUMBER
System control number 18756
040 ## - ΠΗΓΗ ΚΑΤΑΛΟΓΟΓΡΑΦΗΣΗΣ
Φορέας πρωτότυπης καταλογογράφησης MC Athens Campus Library
Γλώσσα καταλογογράφησης Ελληνικά, Μοντέρνα (1453-)
Modifying agency MC Athens Campus Library
Κανόνες περιγραφικής καταλογογράφησης AACR2
245 1# - ΤΙΤΛΟΣ ΚΑΙ ΔΗΛΩΣΗ ΥΠΕΥΘΥΝΟΤΗΤΑΣ
Τίτλος Αγροτική Οικονομική και Πολιτική / Παραδόσεις για τους φοιτητές του Τμήματος Οικονομικών Επιστημών του Πανεπιστημίου Αθηνών
260 ## - PUBLICATION, DISTRIBUTION, ETC.
Name of publisher, distributor, etc. Αθήνα,
Date of publication, distribution, etc. 1990
300 ## - PHYSICAL DESCRIPTION
Extent 132
520 ## - SUMMARY, ETC.
Summary, etc. Εισαγωγή, Οικονομική Ανάλυση του Αγροτικού Τομέα, Ζήτηση Αγροτικών Προϊόντων και Τροφίμων, Το Οικονομικό Σύστημα Παραγωγής, Παραγωγή και Προσφορά Αγροτικών Προϊόντων, Λειτουργία της Αγοράς Αγροτικών Προϊόντων και Τιμές, Τεχνολογία και Παραγωγικότητα, Αγροτική Πολιτική, Χαρακτήρας του Αγροτικού Προβλήματος, Στόχοι και Μέσα της Αγροτικής Πολιτικής, Αγροτική Πολιτική Τιμών και Εισοδημάτων, Πολιτική Περιορισμού της Προσφοράς, Θεσμική και Διαρθρωτική Πολιτική, Βιβλιογραφία.
700 1# - ΠΡΟΣΘΕΤΗ ΑΝΑΓΡΑΦΗ--ΦΥΣΙΚΟ ΠΡΟΣΩΠΟ
Personal name Μεντής Γρήγορης Σπ
942 ## - ADDED ENTRY ELEMENTS (KOHA)
Koha item type Books
Holdings
Τύπος τεκμηρίου Βιβλιοθήκη Τρέχουσα τοποθεσία Barcode Αριθμός εισαγωγής Ημερομηνία απόκτησης Ταξιθετικό σύμβολο Αριθμός αντιτύπου Κατάσταση απόσυρσης Κατάσταση χαμένου Κατάσταση κατεστραμμένου Μη δανεισμός Σύνολο δανεισμών Ημερομηνία τελευταίας εμφάνισης Η τιμή ισχύει από
Books MC Athens Campus Library MC Athens Campus Library 9780000040718 3666 05/06/2025 338.18 MER 1           05/06/2025 05/06/2025

MC Athens Campus Library
Πατησίων 94 & Κοδριγκτώνος 13, 104 34
Πελλήνης 8 & Πατησίων 107, 112 51
Τ: +30 210 8899600

MC Thessaloniki Campus Library
Ίωνος Δραγούμη 21, 54625 | Ίωνος Δραγούμη 15, 54625
Τ: +30 2310 287779 – Τ: +30 2314 440300